Loading...
| History - American | 0 | 3 | 0 | 1 | 30 | 110 | 116.33 | 0 | 1 | 0.00 | 0.00 |
| Literature - American | 0 | 3 | 1 | 2 | 25 | 87 | 111.67 | 0 | 1 | 0.00 | 0.00 |
| History - World | 0 | 2 | 0 | 1 | 20 | 65 | 98.50 | 1 | 1 | 0.00 | 0.00 |
| Pop Culture | 0 | 2 | 0 | 1 | 20 | 77 | 95.50 | 0 | 0 | 0.00 | 0.00 |
| Literature - British | 0 | 2 | 1 | 0 | 15 | 117 | 127.50 | 1 | 1 | 0.00 | 0.00 |
| Mythology | 0 | 1 | 0 | 0 | 10 | 104 | 104.00 | 0 | 0 | 0.00 | 0.00 |
| Religion | 0 | 1 | 0 | 0 | 10 | 89 | 89.00 | 0 | 1 | 0.00 | 0.00 |
| Philosophy | 0 | 1 | 0 | 1 | 10 | 124 | 124.00 | 0 | 0 | 0.00 | 0.00 |
| Social Science | 0 | 1 | 0 | 1 | 10 | 113 | 113.00 | 0 | 1 | 0.00 | 0.00 |
| Other Academic | 0 | 1 | 0 | 0 | 10 | 98 | 98.00 | 0 | 1 | 0.00 | 0.00 |
| Fine Arts - Other | 0 | 0 | 0 | 0 | 0 | 0.00 | 0 | 0 | 0.00 | 0.00 | |
| History - Other | 0 | 0 | 0 | 0 | 0 | 0.00 | 0 | 0 | 0.00 | 0.00 | |
| Literature - World | 0 | 0 | 1 | 0 | -5 | 0.00 | 0 | 0 | 0.00 | 0.00 | |
| Current Events | 0 | 0 | 1 | 0 | -5 | 0.00 | 0 | 0 | 0.00 | 0.00 | |
| Science - Other | 0 | 0 | 1 | 0 | -5 | 0.00 | 0 | 0 | 0.00 | 0.00 |